Statistics for US States Quiz-Speed Run

Click here to take the quiz!

General Stats

  • This quiz has been taken 65 times
  • The average score is 17 of 50

Answers on the Map

Answers color-coded by a green-red scale on the quiz's map according to % correct below.
 

Answer Stats

State% Correct
California
71%
Florida
64%
Washington
64%
Texas
61%
Alabama
57%
Idaho
54%
New York
54%
Montana
50%
North Carolina
46%
South Carolina
46%
Colorado
39%
Maine
39%
Mississippi
39%
Ohio
39%
Oregon
39%
Utah
39%
Wyoming
39%
Arizona
36%
Nevada
36%
Virginia
36%
Georgia
32%
Iowa
32%
North Dakota
32%
South Dakota
32%
Alaska
29%
Illinois
29%
Kansas
29%
Michigan
29%
Minnesota
29%
New Jersey
29%
Arkansas
25%
Connecticut
25%
Delaware
25%
Hawaii
25%
Indiana
25%
Nebraska
25%
New Hampshire
25%
New Mexico
25%
Oklahoma
25%
Pennsylvania
25%
Tennessee
25%
Maryland
21%
Rhode Island
21%
Kentucky
18%
Louisiana
18%
Massachusetts
18%
Missouri
18%
Vermont
18%
West Virginia
18%
Wisconsin
18%

Score Distribution

Percentile by Number Answered

Percent of People with Each Score

Your Score History

You have not taken this quiz